000 00497nam a2200181Ia 4500
001 20298
005 20260306172756.0
008 260306t2018||||xx |||||||||||||| ||spa||
041 _aESP
082 _a343.1
_bR91A 2018
100 _aRubio Correa, Marcial Antonio
_eAUT
245 0 _aEl test de proporcionalidad en la jurisprudencia del Tribunal Constitucional Peruano
260 _c2018
300 _a294 páginas :
_c21 cm.
650 _aGEN
654 _aCDE
942 _cLIB
_dJUS
_fJUS
_2ddc
_n
999 _c20298
_d20298